000 00506nam a2200181Ia 4500
008 131103s9999 xx 000 0 und d
040 _aLoreto College
041 _aEnglish
082 _a282/SOC
_bLCLIB/
245 4 _aThe social teaching of Pope Pius XII
_b1959
_cEdited by Cyril C Clump
260 _aOxford
_bCatholic Social Guild
_c1958
300 _a115p.
_c 18cm.
650 _aPope Pius XII
651 _aChristianity
700 _aClump, Cyril c; ed.
850 _aLCLIB/282/SOC
942 _cBK
999 _c25586
_d76065